000 002620000a22000970004500
100 1 _aNogalski, James D.
245 1 0 _aThe problematic suffixes of Amos 9:11
300 _aVol. 43, Num. 3 (Julio, 1993), Páginas 411-418
773 0 _tVetus Testamentum
942 _cANA
999 _c57855
_d57855